[Event "ITT Raul Moiraghi"]
[Site "?"]
[Date "2008.08.04"]
[Round "8"]
[White "Paglilla, Carlos"]
[Black "Cubas, Jose"]
[Result "1/2-1/2"]
[WhiteElo "2343"]
[BlackElo "2428"]
[PlyCount "113"]
[EventDate "2008.08.02"]
[SourceDate "2008.08.07"]

1. e4 e6 2. d4 d5 3. exd5 exd5 4. Nf3 Bd6 5. Be2 Nc6 6. O-O Nge7 7. Re1 Bf5 8.
c3 Qd7 9. b4 f6 10. Nbd2 O-O 11. Nb3 b6 12. a4 Ng6 13. a5 Nce7 14. Be3 c6 15.
Qd2 Be4 16. axb6 axb6 17. Qb2 Qc7 18. Nbd2 h6 19. c4 Rxa1 20. Rxa1 f5 21. c5 f4
22. cxd6 Qxd6 23. Nxe4 dxe4 24. Nd2 fxe3 25. fxe3 Nd5 26. Bc4 b5 27. Bxd5+ cxd5
28. Qc3 Qd7 29. Nf1 Rc8 30. Qe1 Rc4 31. Qg3 Kh7 32. h4 h5 33. Qg5 Qg4 34. Ng3
Nxh4 35. Qxh5+ Qxh5 36. Nxh5 Rxb4 37. Nf4 Rb2 38. Kh2 g5 39. Nxd5 Rxg2+ 40. Kh3
Kg6 41. Ra6+ Kf7 42. Rb6 Rg1 43. Rf6+ Kg7 44. Kh2 Rg2+ 45. Kh3 b4 46. Rf1 b3
47. Nc3 b2 48. Nxe4 Rc2 49. Nxg5 Nf5 50. Rb1 Nxe3 51. Ne6+ Kf6 52. Nc5 Nc4 53.
Na4 Rc1 54. Rxb2 Nxb2 55. Nxb2 Kf5 56. d5 Rc3+ 57. Kh4 {Tablas en la 79}
1/2-1/2

[Event "ITT Raul Moiraghi"]
[Site "?"]
[Date "2008.08.04"]
[Round "8"]
[White "Valdes Escobar, Alvaro"]
[Black "Guerrero, Alvaro"]
[Result "1-0"]
[WhiteElo "2302"]
[BlackElo "2154"]
[PlyCount "79"]
[EventDate "2008.08.02"]
[SourceDate "2008.08.07"]

1. e4 c5 2. Ne2 Nc6 3. c4 e5 4. Nbc3 g6 5. d3 Bg7 6. g3 Nge7 7. Bg2 O-O 8. O-O
f5 9. f4 d6 10. Be3 Nd4 11. Rb1 Nec6 12. Qd2 fxe4 13. Nxe4 Nf5 14. Bf2 Ncd4 15.
fxe5 Bxe5 16. Nxd4 cxd4 17. Ng5 Qb6 18. Bd5+ Kg7 19. Qe2 h6 20. Nf3 Bf6 21. b4
Qd8 22. Rfe1 Bd7 23. Bxb7 Rb8 24. Be4 Qb6 25. a3 Rbe8 26. Qd2 g5 27. Re2 g4 28.
Ne1 Re5 29. Nc2 Bg5 30. Qe1 Rfe8 31. Qf1 Ne3 32. Nxe3 dxe3 33. Be1 Rxe4 34.
dxe4 Rxe4 35. Bc3+ Kg6 36. Qf8 Be6 37. Qe8+ Kh7 38. Rf1 Qd8 39. Rf7+ Kg6 40.
Rf6+ 1-0

[Event "ITT Raul Moiraghi"]
[Site "?"]
[Date "2008.08.04"]
[Round "8"]
[White "Iermito, Sebastian"]
[Black "Granara, Sebastian"]
[Result "1-0"]
[WhiteElo "2385"]
[BlackElo "2257"]
[PlyCount "57"]
[EventDate "2008.08.02"]
[SourceDate "2008.08.07"]

1. e4 c5 2. Nf3 d6 3. d4 cxd4 4. Nxd4 Nf6 5. Nc3 g6 6. Be3 Bg7 7. f3 O-O 8. Qd2
Nc6 9. O-O-O Nxd4 10. Bxd4 Be6 11. Kb1 Qc7 12. Nd5 Bxd5 13. exd5 Rac8 14. Rc1
Nd7 15. Bxg7 Kxg7 16. h4 h5 17. g4 Nf6 18. g5 Nd7 19. Bh3 Rce8 20. Rcd1 Kh7 21.
f4 Nc5 22. f5 Qb6 23. Rhf1 Ne4 24. Qe1 Nc5 25. fxg6+ Kxg6 26. Qc3 f5 27. gxf6
exf6 28. Qg3+ Kh7 29. Bf5+ 1-0

[Event "ITT Raul Moiraghi"]
[Site "?"]
[Date "2008.08.04"]
[Round "8"]
[White "Perez Ponsa, Federico"]
[Black "Barrionuevo, Pablo"]
[Result "1-0"]
[WhiteElo "2326"]
[BlackElo "2363"]
[PlyCount "59"]
[EventDate "2008.08.02"]
[SourceDate "2008.08.11"]

1. e4 e5 2. Nf3 Nf6 3. d4 Nxe4 4. Bd3 Nc6 5. Bxe4 d5 6. Bg5 Qd7 7. Bd3 e4 8.
O-O exf3 9. Re1+ Be7 10. Bxe7 Nxe7 11. Qxf3 O-O 12. Nd2 c6 13. Qh5 g6 14. Qh6
Qd6 15. Re3 Bd7 16. Nf3 f6 17. Rae1 Rf7 18. Nh4 b5 19. Rg3 Rg7 20. Bxg6 Nxg6
21. Nxg6 hxg6 22. Rxg6 Rxg6 23. Qxg6+ Kf8 24. Qh6+ Kg8 25. Re3 Bf5 26. Rg3+ Kf7
27. Rg7+ Ke6 28. Qe3+ Be4 29. f4 Qd8 30. f5+ 1-0

[Event "ITT Raul Moiraghi"]
[Site "?"]
[Date "2008.08.05"]
[Round "9"]
[White "Guerrero, Alvaro"]
[Black "Iermito, Sebastian"]
[Result "0-1"]
[WhiteElo "2154"]
[BlackElo "2385"]
[PlyCount "142"]
[EventDate "2008.08.02"]
[SourceDate "2008.08.11"]

1. d4 Nf6 2. c4 c5 3. d5 e6 4. Nc3 exd5 5. cxd5 d6 6. g3 g6 7. Bg2 Bg7 8. Nf3
O-O 9. O-O Na6 10. Nd2 Nc7 11. a4 b6 12. Nc4 Ba6 13. Na3 Re8 14. Re1 Nd7 15.
Nab5 Ne5 16. Rb1 Bxb5 17. axb5 a6 18. bxa6 Rxa6 19. b3 Nf3+ 20. Bxf3 Bxc3 21.
Rf1 Qf6 22. h4 Ra2 23. Qd3 Qd4 24. Qxd4 Bxd4 25. Bf4 Nb5 26. e3 Bf6 27. Rfe1
Rd8 28. Bg5 Kg7 29. Ra1 Rda8 30. Rxa2 Rxa2 31. Bf4 h6 32. e4 Bd4 33. Re2 Ra1+
34. Kg2 f6 35. Rd2 g5 36. hxg5 hxg5 37. Be3 Ra3 38. Bd1 Bxe3 39. fxe3 Nc3 40.
Bc2 Ra2 41. Rf2 b5 42. Bd3 Ra3 43. Bc2 Ra1 44. Rf1 Ra2 45. Rf2 Rb2 46. Kf1 Ra2
47. Ke1 Ra1+ 48. Kd2 b4 49. Rg2 Ra2 50. Kd3 Nb1 51. Re2 Na3 52. Rd2 Rb2 53. Bd1
Rb1 54. g4 Rc1 55. Ke2 Nb1 56. Bc2 Nxd2 57. Kxd2 Rg1 58. Bd1 Kf8 59. Be2 Ke7
60. Kd3 Kd7 61. Bf3 Rc1 62. Kd2 Rc3 63. Bd1 Kc7 64. Bc2 Kb6 65. Bd1 c4 66. bxc4
Rxc4 67. Kd3 Kc5 68. Ba4 Rc3+ 69. Kd2 Kc4 70. Bd1 b3 71. Be2+ Kb4 0-1

[Event "ITT Raul Moiraghi"]
[Site "?"]
[Date "2008.08.05"]
[Round "9"]
[White "Barrionuevo, Pablo"]
[Black "Valdes Escobar, Alvaro"]
[Result "1-0"]
[WhiteElo "2363"]
[BlackElo "2302"]
[PlyCount "135"]
[EventDate "2008.08.02"]
[SourceDate "2008.08.11"]

1. e4 c6 2. c4 d5 3. cxd5 cxd5 4. exd5 Nf6 5. Bb5+ Nbd7 6. Nc3 a6 7. Ba4 b5 8.
Bb3 Bb7 9. d4 Nb6 10. Nf3 Nbxd5 11. O-O e6 12. Re1 Be7 13. a4 b4 14. Nb1 O-O
15. Nbd2 Nb6 16. a5 Nbd7 17. Nc4 Bd5 18. Bf4 Rc8 19. Qd3 Rc6 20. Nfd2 Re8 21.
Ba4 Nh5 22. Bg3 Nxg3 23. Bxc6 Bxc6 24. Qxg3 Nf6 25. Ne5 Bd5 26. Ndf3 Nh5 27.
Qh3 g6 28. g4 Ng7 29. Rec1 Qa8 30. g5 f6 31. gxf6 Bxf6 32. Rc7 Re7 33. Rac1
Rxc7 34. Rxc7 Qd8 35. Rc5 Qe8 36. Ng4 Be7 37. Nh6+ Kh8 38. Ne5 Nh5 39. Rxd5
exd5 40. Qe6 Nf6 41. Nc6 Bf8 42. Qxf6+ Bg7 43. Qe7 Qxe7 44. Nxe7 Bxh6 45. Nxd5
b3 46. Nc7 Bd2 47. Nxa6 Bxa5 48. Nc5 Bc3 49. Nxb3 Bxb2 50. Kg2 Kg7 51. Kf3 Kf6
52. Ke4 g5 53. f3 h5 54. h3 Ba3 55. Nd2 Bd6 56. Nc4 Bg3 57. d5 h4 58. Ne3 Bf4
59. Ng4+ Ke7 60. Kf5 Kd6 61. Nf6 Be3 62. Nh7 Kxd5 63. Nxg5 Bd2 64. Nf7 Kd4 65.
Nh8 Ke3 66. Kg4 Be1 67. Ng6 Bg3 68. Nxh4 1-0

[Event "ITT Raul Moiraghi"]
[Site "?"]
[Date "2008.08.05"]
[Round "9"]
[White "Cubas, Jose"]
[Black "Perez Ponsa, Federico"]
[Result "1-0"]
[WhiteElo "2428"]
[BlackElo "2326"]
[PlyCount "93"]
[EventDate "2008.08.02"]
[SourceDate "2008.08.11"]

1. e4 c5 2. Nf3 d6 3. d4 cxd4 4. Nxd4 Nf6 5. Nc3 Nc6 6. Bc4 e6 7. Bb3 Be7 8.
Be3 a6 9. Qe2 Qc7 10. O-O-O O-O 11. g4 Nxd4 12. Rxd4 b5 13. g5 Nd7 14. f4 Bb7
15. Rg1 Nc5 16. f5 Nxb3+ 17. axb3 b4 18. Rxb4 d5 19. Rd4 Bc5 20. Rdd1 Rad8 21.
Bxc5 Qxc5 22. exd5 exd5 23. Rg4 d4 24. Qd3 Qc7 25. Rxd4 Rxd4 26. Qxd4 Qxh2 27.
f6 g6 28. Qc5 Qb8 29. Kb1 Bf3 30. Rd3 Bg4 31. Nd5 h5 32. gxh6 Kh7 33. Ne7 Be6
34. Rd6 a5 35. Nc6 Qa8 36. Rxe6 fxe6 37. Qe7+ Kxh6 38. Ne5 Qe8 39. Qg7+ Kg5 40.
f7 Qe7 41. Qxg6+ Kf4 42. Qg7 Ke4 43. c4 a4 44. bxa4 Qd6 45. Qg2+ Kf5 46. Qg4+
Kf6 47. Qf4+ 1-0

[Event "ITT Raul Moiraghi"]
[Site "?"]
[Date "2008.08.05"]
[Round "9"]
[White "Obregon, Carlos"]
[Black "Paglilla, Carlos"]
[Result "0-1"]
[WhiteElo "2399"]
[BlackElo "2343"]
[PlyCount "78"]
[EventDate "2008.08.02"]
[SourceDate "2008.08.11"]

1. e4 Nf6 2. e5 Nd5 3. d4 d6 4. Nf3 dxe5 5. Nxe5 Nd7 6. Nf3 e6 7. c4 N5f6 8.
Nc3 Be7 9. Bd3 O-O 10. Bf4 c5 11. d5 exd5 12. cxd5 Re8 13. O-O Nb6 14. d6 Bf8
15. Ng5 h6 16. Nge4 c4 17. Bc2 Bf5 18. Qd4 Nxe4 19. Bxe4 Qd7 20. a4 Rad8 21. a5
Nc8 22. Rfd1 Bxe4 23. Nxe4 Qc6 24. f3 Re6 25. d7 Nd6 26. Nc5 Nf5 27. Nxe6 Nxd4
28. Nxd8 Qxd7 29. Be3 Bc5 30. Nxb7 Nxf3+ 31. Kh1 Qc7 32. gxf3 Bxe3 33. a6 Qc6
34. Rf1 Bd4 35. Ra2 Qe6 36. Na5 Qh3 37. Raa1 Bxb2 38. Rad1 c3 39. Rf2 c2 0-1

[Event "ITT Raul Moiraghi"]
[Site "?"]
[Date "2008.08.05"]
[Round "9"]
[White "Cunha, Eduardo"]
[Black "Liascovich, Lucas"]
[Result "1/2-1/2"]
[WhiteElo "2227"]
[BlackElo "2435"]
[PlyCount "76"]
[EventDate "2008.08.02"]
[SourceDate "2008.08.11"]

1. e4 c5 2. Nf3 Nc6 3. d4 cxd4 4. Nxd4 g6 5. Be3 Nf6 6. Nc3 Bg7 7. f3 O-O 8.
Bc4 Qb6 9. O-O Ng4 10. fxg4 Bxd4 11. Bxd4 Qxd4+ 12. Qxd4 Nxd4 13. Nd5 Nxc2 14.
Nxe7+ Kg7 15. Rac1 Ne3 16. Rxf7+ Rxf7 17. Bxf7 Kxf7 18. Rxc8 Rxc8 19. Nxc8 Ke6
20. h3 a6 21. Nb6 Nd1 22. Na4 Ke5 23. Kf1 b5 24. Nc5 d6 25. Nxa6 Nxb2 26. Nc7
b4 27. Nd5 Nd3 28. g5 Kxe4 29. Nf6+ Ke3 30. h4 Nc1 31. Nd5+ Kd4 32. Nxb4 Kc4
33. a3 d5 34. Ke1 d4 35. Kd2 Nb3+ 36. Kc2 Nc5 37. g4 d3+ 38. Kd2 Kd4 1/2-1/2

[Event "ITT Raul Moiraghi"]
[Site "?"]
[Date "2008.08.06"]
[Round "10"]
[White "Perez Ponsa, Federico"]
[Black "Obregon, Carlos"]
[Result "0-1"]
[WhiteElo "2326"]
[BlackElo "2399"]
[PlyCount "160"]
[EventDate "2008.08.02"]
[SourceDate "2008.08.11"]

1. e4 c6 2. d4 d5 3. e5 Bf5 4. Nf3 e6 5. Be2 Nd7 6. O-O h6 7. b3 Ne7 8. c4 Bh7
9. Ba3 Nf5 10. cxd5 cxd5 11. Bxf8 Nxf8 12. Nc3 a6 13. Qd2 Nd7 14. a4 O-O 15.
Bd3 Rc8 16. a5 Bg6 17. Na4 Ne7 18. Nb2 Be4 19. Rfe1 Bxf3 20. gxf3 Nc6 21. Kh1
Qh4 22. Ra4 f6 23. Rg1 Qh5 24. f4 Qf3+ 25. Rg2 fxe5 26. fxe5 Qf4 27. Qe3 Ne7
28. Ra1 Qxe3 29. fxe3 Rc3 30. Rag1 Rf7 31. b4 Nc6 32. b5 axb5 33. Bxb5 Nxa5 34.
Na4 Rc7 35. Bxd7 Rfxd7 36. Nc5 Re7 37. Rg6 Rxc5 38. dxc5 Nc4 39. Rxh6 Nxe3 40.
Rh4 Nc4 41. Rb1 Rc7 42. Rb5 Kf7 43. Rg4 Nxe5 44. Rgb4 Kf6 45. Rxb7 Rxc5 46.
Rf4+ Kg5 47. Rf1 g6 48. Rb6 Rc6 49. Rb2 Nd7 50. Rg2+ Kh6 51. Rd2 Rd6 52. Rfd1
Nf6 53. Re1 Nd7 54. Red1 Nf6 55. Re1 Kg7 56. Kg2 Nh5 57. Kf3 Kf6 58. Kg4 Ng7
59. h4 Rc6 60. Red1 Nf5 61. Re1 Rc4+ 62. Kf3 Nxh4+ 63. Kg3 Nf5+ 64. Kg2 Rg4+
65. Kf3 Rg3+ 66. Kf2 Rg5 67. Rh1 Nd6 68. Rdd1 Ne4+ 69. Ke3 Ke5 70. Rhg1 Rh5 71.
Rh1 d4+ 72. Rxd4 Rxh1 73. Rxe4+ Kf6 74. Ra4 Rf1 75. Ra2 g5 76. Ke2 Rf4 77. Ke3
Kf5 78. Ra5+ Kg4 79. Ra1 Kh3 80. Rg1 Rf5 0-1

[Event "ITT Raul Moiraghi"]
[Site "?"]
[Date "2008.08.06"]
[Round "10"]
[White "Valdes Escobar, Alvaro"]
[Black "Cubas, Jose"]
[Result "0-1"]
[WhiteElo "2302"]
[BlackElo "2428"]
[PlyCount "100"]
[EventDate "2008.08.02"]
[SourceDate "2008.08.11"]

1. c4 e6 2. Nc3 d5 3. cxd5 exd5 4. d4 Nf6 5. Bg5 Be7 6. e3 c6 7. Bd3 Ne4 8.
Bxe7 Qxe7 9. Qc2 Nxc3 10. bxc3 Qg5 11. g3 Nd7 12. Nf3 Qf6 13. Nd2 Nb6 14. a4
Bh3 15. Bf1 Bxf1 16. Kxf1 O-O 17. Kg2 Rfe8 18. Rab1 Rab8 19. a5 Nc8 20. c4 dxc4
21. Qxc4 Nd6 22. Qc5 a6 23. Rhe1 Nb5 24. Nb3 Qg6 25. Rbd1 Rbd8 26. Kg1 Nd6 27.
Nd2 h5 28. d5 cxd5 29. Qb6 h4 30. Nf3 h3 31. Rd4 Qh5 32. Nd2 Rd7 33. Rh4 Qf5
34. Qb1 Ne4 35. f3 Nd6 36. Kf2 Rde7 37. Nf1 Qxb1 38. Rxb1 Nc4 39. Rxh3 Nxe3 40.
Nxe3 Rxe3 41. Rb2 Ra3 42. Rh5 Rxa5 43. Rxb7 g6 44. Rh4 Ra2+ 45. Kf1 Rc8 46. Rb1
Rcc2 47. Rd1 a5 48. Ke1 Re2+ 49. Kf1 Rf2+ 50. Kg1 Rfc2 0-1

[Event "ITT Raul Moiraghi"]
[Site "?"]
[Date "2008.08.06"]
[Round "10"]
[White "Iermito, Sebastian"]
[Black "Barrionuevo, Pablo"]
[Result "1-0"]
[WhiteElo "2385"]
[BlackElo "2363"]
[PlyCount "133"]
[EventDate "2008.08.02"]
[SourceDate "2008.08.11"]

1. e4 d6 2. d4 Nf6 3. Nc3 g6 4. Nf3 Bg7 5. Be2 O-O 6. O-O Bg4 7. Be3 Nc6 8. Qd2
e5 9. dxe5 dxe5 10. Rad1 Qb8 11. Qc1 a6 12. h3 Bxf3 13. Bxf3 Rd8 14. Nd5 Nxd5
15. exd5 Nd4 16. Bxd4 exd4 17. Rfe1 Qa7 18. Qd2 Qc5 19. Qd3 Rd6 20. Re2 Rb6 21.
b3 Bf6 22. g3 Kg7 23. a4 Rd6 24. h4 h5 25. Kg2 b5 26. Ra1 Rb8 27. Ree1 Qb4 28.
Re2 Qa5 29. Kf1 Rc8 30. Ree1 Qb6 31. Kg2 Rb8 32. Re2 Qa5 33. Kf1 Rdd8 34. Ree1
Re8 35. Be4 Qb6 36. Re2 Re7 37. Bf3 Rxe2 38. Bxe2 Qa5 39. Bf3 Re8 40. Kg2 Re5
41. Kh2 Rf5 42. Kg2 Kg8 43. Be4 Re5 44. Bf3 Bg7 45. Qd1 b4 46. Qd3 Qc5 47. Kf1
Rf5 48. Re1 Bf6 49. Be4 Re5 50. Qxa6 Rxe4 51. Rxe4 Qxc2 52. Re1 Kg7 53. Qc4 Qf5
54. Kg2 g5 55. hxg5 Qxg5 56. Re4 Qd2 57. a5 Qc3 58. a6 d3 59. a7 d2 60. Qe2 Qc2
61. a8=Q d1=Q 62. Qxd1 Qxd1 63. Re3 Bc3 64. Qd8 Bf6 65. Qd7 Qd4 66. Qf5 Qd1 67.
Rf3 1-0

[Event "ITT Raul Moiraghi"]
[Site "?"]
[Date "2008.08.06"]
[Round "10"]
[White "Granara, Sebastian"]
[Black "Guerrero, Alvaro"]
[Result "1-0"]
[WhiteElo "2257"]
[BlackElo "2154"]
[PlyCount "33"]
[EventDate "2008.08.02"]
[SourceDate "2008.08.11"]

1. e4 c5 2. c3 e5 3. Nf3 Nc6 4. Bc4 Be7 5. d4 d6 6. dxc5 dxc5 7. Qxd8+ Bxd8 8.
Be3 Be7 9. Na3 a6 10. Bd5 Bd7 11. Nc4 f6 12. Nb6 Rd8 13. h3 Bf8 14. O-O-O g6
15. Rd2 Nge7 16. Rhd1 Nxd5 17. Nxd5 1-0

[Event "ITT Raul Moiraghi"]
[Site "?"]
[Date "2008.08.07"]
[Round "11"]
[White "Barrionuevo, Pablo"]
[Black "Granara, Sebastian"]
[Result "1/2-1/2"]
[WhiteElo "2363"]
[BlackElo "2257"]
[PlyCount "20"]
[EventDate "2008.08.02"]
[SourceDate "2008.08.11"]

1. e4 e5 2. Nf3 Nc6 3. Bc4 Be7 4. O-O Nf6 5. d3 O-O 6. c3 d5 7. exd5 Nxd5 8.
Re1 Bf6 9. h3 Be6 10. a4 Nf4 1/2-1/2

[Event "ITT Raul Moiraghi"]
[Site "?"]
[Date "2008.08.07"]
[Round "11"]
[White "Cubas, Jose"]
[Black "Iermito, Sebastian"]
[Result "1/2-1/2"]
[WhiteElo "2428"]
[BlackElo "2385"]
[PlyCount "40"]
[EventDate "2008.08.02"]
[SourceDate "2008.08.11"]

1. e4 e6 2. d4 d5 3. Nc3 Nf6 4. e5 Nfd7 5. f4 c5 6. Nf3 Nc6 7. Be3 cxd4 8. Nxd4
Bc5 9. Qd2 O-O 10. O-O-O a6 11. h4 Nxd4 12. Bxd4 b5 13. h5 b4 14. Ne2 a5 15.
Qe3 Qb6 16. Kb1 Ba6 17. Ng3 Rfc8 18. Bxc5 Qxc5 19. Qxc5 Nxc5 20. b3 h6 1/2-1/2

[Event "ITT Raul Moiraghi"]
[Site "?"]
[Date "2008.08.07"]
[Round "11"]
[White "Obregon, Carlos"]
[Black "Valdes Escobar, Alvaro"]
[Result "1-0"]
[WhiteElo "2399"]
[BlackElo "2302"]
[PlyCount "63"]
[EventDate "2008.08.02"]
[SourceDate "2008.08.11"]

1. e4 c5 2. Nf3 d6 3. d4 cxd4 4. Nxd4 Nf6 5. Nc3 a6 6. Bc4 e6 7. Be3 b5 8. Bb3
Bb7 9. f3 Nc6 10. a4 b4 11. Nxc6 Bxc6 12. Ne2 e5 13. Ng3 d5 14. exd5 Nxd5 15.
Qe2 Nxe3 16. Qxe3 Qc7 17. O-O-O Be7 18. Rhe1 e4 19. fxe4 O-O 20. Nf5 Rae8 21.
Kb1 Bf6 22. Nd6 Re5 23. Qd3 Be7 24. Nf5 Bf6 25. Nd6 Be7 26. Rf1 Bf6 27. Qc4 Re7
28. Rd3 Be8 29. Qxb4 a5 30. Qd2 Kh8 31. Rxf6 gxf6 32. Qh6 1-0